[Event "Cto. FACV Ind. Preferente Xixona 2014"]
[Site "Xixona ESP"]
[Date "2014.10.25"]
[Round "4.2"]
[White "Navarro Rico, Lluis"]
[Black "Ballester Pomata, Miguel Angel"]
[Result "1-0"]
[WhiteElo "1521"]
[BlackElo "1857"]
[PlyCount "47"]
[EventDate "2014.09.27"]
[EventType "swiss"]
[EventRounds "7"]
[EventCountry "ESP"]
[Source "lmi"]
[SourceDate "2014.09.27"]

1. c4 d5 2. cxd5 Qxd5 3. Nc3 Qd8 4. g3 Bd7 5. d4 e6 6. Bg2 Bc6 7. Nf3 Nf6 8.
Bg5 Be7 9. Bxf6 Bxf6 10. e4 O-O 11. O-O Na6 12. a3 b6 13. e5 Be7 14. b4 Bb7 15.
Qd3 c5 16. Ng5 Bxg5 17. Bxb7 cxb4 18. Ne4 Nc5 19. Nxc5 bxc5 20. Bxa8 Qxa8 21.
dxc5 bxa3 22. Qxa3 Qd5 23. Qxa7 Qxe5 24. c6 1-0

[Event "Cto. FACV Ind. Preferente Xixona 2014"]
[Site "Xixona ESP"]
[Date "2014.10.25"]
[Round "4.3"]
[White "Aledo Yanguas, Javier"]
[Black "Molto Salido, Jose"]
[Result "1-0"]
[WhiteElo "1761"]
[BlackElo "1595"]
[PlyCount "51"]
[EventDate "2014.09.27"]
[EventType "swiss"]
[EventRounds "7"]
[EventCountry "ESP"]
[Source "lmi"]
[SourceDate "2014.09.27"]

1. e4 c5 2. c3 d6 3. d4 cxd4 4. cxd4 Nf6 5. Nc3 a6 6. Bd3 e6 7. Nf3 Be7 8. O-O
Qc7 9. Be3 O-O 10. Rc1 Nbd7 11. Nd5 Qd8 12. Nxe7+ Qxe7 13. Bg5 h6 14. Bh4 g5
15. Bg3 Ne8 16. e5 f5 17. exf6 Ndxf6 18. Bg6 b5 19. Qb3 Bb7 20. Nd2 Nd5 21.
Rfe1 Qf6 22. Bxe8 Raxe8 23. Ne4 Qxd4 24. Nxd6 a5 25. Qc3 Re7 26. Be5 1-0

[Event "Cto. FACV Ind. Preferente Xixona 2014"]
[Site "Xixona ESP"]
[Date "2014.10.25"]
[Round "4.4"]
[White "Garcia Gimenez, Santiago"]
[Black "Ochando Casasempere, Miguel A"]
[Result "0-1"]
[WhiteElo "1657"]
[BlackElo "1688"]
[PlyCount "96"]
[EventDate "2014.09.27"]
[EventType "swiss"]
[EventRounds "7"]
[EventCountry "ESP"]
[Source "lmi"]
[SourceDate "2014.09.27"]

1. e4 c5 2. Nf3 e6 3. d4 cxd4 4. Nxd4 a6 5. Bd3 Nc6 6. Nxc6 bxc6 7. O-O d5 8.
c3 Nf6 9. e5 Nd7 10. Re1 Qc7 11. Qe2 Be7 12. Bf4 Bb7 13. Nd2 Nf8 14. Nf3 Ng6
15. Bg3 O-O 16. h4 Rfe8 17. h5 Nf8 18. Nh4 Qd8 19. Qg4 f5 20. Nxf5 exf5 21.
Qxf5 Bc8 22. e6 Bf6 23. c4 Bxe6 24. Qf4 Bg5 25. Qf3 Qd7 26. cxd5 Bxd5 27. Qd1
Rxe1+ 28. Qxe1 Qf7 29. Qe2 Ne6 30. Qg4 Bh6 31. Rd1 Nf4 32. Bf5 Qxh5 33. Bxf4
Qxg4 34. Bxg4 Bxf4 35. b3 Bc7 36. Rc1 Rf8 37. f3 Bb6+ 38. Kh2 Rf6 39. Kg3 Rg6
40. Rh1 Be6 41. Rh4 Bxg4 42. fxg4 Rf6 43. a4 Bf2+ 44. Kh3 Rh6 45. Rxh6 gxh6 46.
g3 Kf7 47. Kg2 Be1 48. Kf3 Kf6 0-1

[Event "Cto. FACV Ind. Preferente Xixona 2014"]
[Site "Xixona ESP"]
[Date "2014.10.25"]
[Round "4.5"]
[White "Campos Gutierrez, Luis Maria"]
[Black "Torregrosa Garcia, Jose Jesus"]
[Result "1-0"]
[WhiteElo "1844"]
[BlackElo "1542"]
[PlyCount "53"]
[EventDate "2014.09.27"]
[EventType "swiss"]
[EventRounds "7"]
[EventCountry "ESP"]
[Source "lmi"]
[SourceDate "2014.09.27"]

1. d4 e6 2. e4 d5 3. Nc3 Bb4 4. Nge2 dxe4 5. a3 Be7 6. Nxe4 b5 7. g3 Bb7 8. Bg2
Nc6 9. O-O Nf6 10. Qd3 Nxe4 11. Bxe4 Na5 12. Bxb7 Nxb7 13. Qxb5+ Kf8 14. Bf4 g5
15. Qe5 f6 16. Qxc7 gxf4 17. Qxb7 Bd6 18. Qe4 fxg3 19. fxg3 Kf7 20. Nf4 Qd7 21.
Rae1 Rae8 22. d5 Bc5+ 23. Kg2 e5 24. Nh5 Be7 25. Qxe5 Bd8 26. Rxf6+ Bxf6 27.
Qxf6+ 1-0

[Event "Cto. FACV Ind. Preferente Xixona 2014"]
[Site "Xixona ESP"]
[Date "2014.11.08"]
[Round "5.1"]
[White "Cano Romero, Jose Miguel"]
[Black "Navarro Rico, Lluis"]
[Result "1/2-1/2"]
[WhiteElo "1859"]
[BlackElo "1521"]
[PlyCount "62"]
[EventDate "2014.09.27"]
[EventType "swiss"]
[EventRounds "7"]
[EventCountry "ESP"]
[Source "lmi"]
[SourceDate "2014.09.27"]

1. e4 c5 2. Nf3 Nc6 3. d4 cxd4 4. Nxd4 g6 5. c4 Bg7 6. Be3 Nf6 7. Nc3 O-O 8.
Be2 d6 9. Qd2 Bd7 10. O-O a6 11. f3 Rb8 12. Nxc6 Bxc6 13. b4 b5 14. cxb5 axb5
15. Rfd1 Qd7 16. Rac1 Rfd8 17. Bf1 Ne8 18. Qf2 Rb7 19. Rc2 Rc8 20. Rdc1 Rcb8
21. Ne2 Rc8 22. Nd4 Bxd4 23. Bxd4 e5 24. Be3 Rbb8 25. Rc3 Bb7 26. Ra3 Ra8 27.
Rxa8 Rxa8 28. Qd2 Kg7 29. Qe2 Bc6 30. Qc2 Ra6 31. Rd1 Qe6 1/2-1/2

[Event "Cto. FACV Ind. Preferente Xixona 2014"]
[Site "Xixona ESP"]
[Date "2014.11.08"]
[Round "5.2"]
[White "Ochando Casasempere, Miguel A"]
[Black "Aledo Yanguas, Javier"]
[Result "1/2-1/2"]
[WhiteElo "1688"]
[BlackElo "1761"]
[PlyCount "97"]
[EventDate "2014.09.27"]
[EventType "swiss"]
[EventRounds "7"]
[EventCountry "ESP"]
[Source "lmi"]
[SourceDate "2014.09.27"]

1. e4 c6 2. d4 d5 3. Nc3 dxe4 4. Nxe4 Bf5 5. Ng3 Bg6 6. Bc4 e6 7. N1e2 Bd6 8.
O-O Nd7 9. f4 Ne7 10. Bd3 Bxd3 11. Qxd3 Nf6 12. f5 exf5 13. Nxf5 Nxf5 14. Rxf5
Qe7 15. b4 Qe4 16. Qxe4+ Nxe4 17. b5 Rc8 18. b6 axb6 19. Rb1 b5 20. c4 bxc4 21.
Rxb7 O-O 22. Rf3 c5 23. d5 Nf6 24. Nc3 Be5 25. Bf4 Bxc3 26. Rxc3 Nxd5 27. Rxc4
Nxf4 28. Rxf4 c4 29. Rf2 c3 30. Rc2 Rfd8 31. Rb3 Rd3 32. a4 g6 33. Kf1 Rd4 34.
Rbxc3 Rxc3 35. Rxc3 Rxa4 36. Kf2 Kg7 37. Kf3 h5 38. g3 Ra5 39. h4 Kf6 40. Rb3
g5 41. hxg5+ Kxg5 42. Rb4 Ra3+ 43. Kg2 f5 44. Kf2 Ra1 45. Kg2 Re1 46. Kf3 Re4
47. Rb8 Re6 48. Rb5 Rh6 49. Ra5 1/2-1/2

[Event "Cto. FACV Ind. Preferente Xixona 2014"]
[Site "Xixona ESP"]
[Date "2014.11.08"]
[Round "5.3"]
[White "Erades Berenguer, Ana"]
[Black "Campos Gutierrez, Luis Maria"]
[Result "0-1"]
[WhiteElo "1640"]
[BlackElo "1844"]
[PlyCount "124"]
[EventDate "2014.09.27"]
[EventType "swiss"]
[EventRounds "7"]
[EventCountry "ESP"]
[Source "lmi"]
[SourceDate "2014.09.27"]

1. e4 d6 2. Nf3 Nf6 3. Nc3 e5 4. h3 Be7 5. Bc4 O-O 6. O-O Nbd7 7. d3 c6 8. Ne2
a5 9. a4 Qc7 10. Ng3 Nc5 11. Nf5 Bxf5 12. exf5 d5 13. Ba2 e4 14. dxe4 Nfxe4 15.
Nd4 Bf6 16. c3 Rfe8 17. Qg4 Nd3 18. Ne2 Qe7 19. Nf4 Ne5 20. Qh5 h6 21. Bb1 Nd6
22. Bd2 Ndc4 23. Bc1 Rad8 24. b3 Nd6 25. Nd3 Nxd3 26. Bxd3 Bxc3 27. Rb1 Qf6 28.
Be3 Ne4 29. Qd1 Bb4 30. Qc2 Qc3 31. Qd1 Nd2 32. Bxd2 Qxd2 33. Qf3 f6 34. Rfd1
Qc3 35. Qg3 Re5 36. Rdc1 Qd4 37. Rd1 Rde8 38. Be2 Qc3 39. Bh5 Qxg3 40. fxg3
Re1+ 41. Rxe1 Rxe1+ 42. Rxe1 Bxe1 43. g4 Kf8 44. Kf1 Bg3 45. Ke2 Ke7 46. Ke3
Kd6 47. Kd3 Kc5 48. Bf7 Kb4 49. Kc2 Kc5 50. Kd3 b5 51. Be8 bxa4 52. bxa4 Kd6
53. Ke3 c5 54. Bb5 c4 55. Kf3 Be5 56. Ke3 Kc5 57. Kd2 d4 58. h4 Bf4+ 59. Kc2
d3+ 60. Kc3 Be5+ 61. Kd2 Kd4 62. Kc1 c3 0-1

[Event "Cto. FACV Ind. Preferente Xixona 2014"]
[Site "Xixona ESP"]
[Date "2014.11.08"]
[Round "5.4"]
[White "Miquel Juan, Marcelo"]
[Black "Navarro Amoros, Antonio Jose"]
[Result "1-0"]
[WhiteElo "1842"]
[BlackElo "1724"]
[PlyCount "55"]
[EventDate "2014.09.27"]
[EventType "swiss"]
[EventRounds "7"]
[EventCountry "ESP"]
[Source "lmi"]
[SourceDate "2014.09.27"]

1. e4 e6 2. d4 d5 3. Bd3 c5 4. exd5 Qxd5 5. Nc3 Qxd4 6. Nb5 Qd8 7. Bf4 Na6 8.
Qe2 Bd7 9. O-O-O Nf6 10. Bc4 Be7 11. Nd6+ Bxd6 12. Bxd6 Qb6 13. Nh3 O-O-O 14.
Ng5 Be8 15. Bg3 Nc7 16. Rxd8+ Kxd8 17. Rd1+ Kc8 18. Qe5 Ncd5 19. Qb8+ Kd7 20.
Nxf7 Rg8 21. Nd6 Bh5 22. Bb5+ Ke7 23. Qxg8 Nxg8 24. Nc8+ Kf7 25. Nxb6 Nxb6 26.
Rd8 Nf6 27. Rb8 a6 28. Rxb7+ 1-0

[Event "Cto. FACV Ind. Preferente Xixona 2014"]
[Site "Xixona ESP"]
[Date "2014.11.08"]
[Round "5.5"]
[White "Magdaleno Puche, Juan Pedro"]
[Black "Carmona Huertas, Juan Antonio"]
[Result "0-1"]
[WhiteElo "1724"]
[BlackElo "1589"]
[PlyCount "62"]
[EventDate "2014.09.27"]
[EventType "swiss"]
[EventRounds "7"]
[EventCountry "ESP"]
[Source "lmi"]
[SourceDate "2014.09.27"]

1. d4 Nf6 2. c4 e6 3. Nc3 Bb4 4. Nf3 Bxc3+ 5. bxc3 b6 6. e3 Bb7 7. Ba3 d6 8.
Bd3 Nbd7 9. Qc2 O-O 10. e4 Re8 11. O-O h5 12. Nd2 a6 13. f4 Ng4 14. Rae1 e5 15.
fxe5 dxe5 16. d5 Nf8 17. c5 bxc5 18. Bxc5 Ng6 19. Nc4 a5 20. Ne3 Nxe3 21. Bxe3
Ba6 22. Rf3 c6 23. c4 Rc8 24. Ref1 cxd5 25. Rxf7 Bxc4 26. Bxc4 Rxc4 27. Qb1
Rxe4 28. Qb7 Re7 29. Rf8+ Nxf8 30. Rxf8+ Qxf8 31. Qxd5+ Rf7 0-1

[Event "Cto. FACV Ind. Preferente Xixona 2014"]
[Site "Xixona ESP"]
[Date "2014.11.15"]
[Round "6.1"]
[White "Campos Gutierrez, Luis Maria"]
[Black "Cano Romero, Jose Miguel"]
[Result "0-1"]
[WhiteElo "1844"]
[BlackElo "1859"]
[PlyCount "115"]
[EventDate "2014.09.27"]
[EventType "swiss"]
[EventRounds "7"]
[EventCountry "ESP"]

1. d4 c5 2. c3 e6 3. Nf3 Nf6 4. Bf4 b6 5. e3 cxd4 6. exd4 d6 7. Bd3 Bb7 8. Nbd2
Be7 9. Qe2 Nbd7 10. Ne4 Qc7 11. O-O-O a6 12. Kb1 b5 13. Rc1 Bd5 14. Nfd2 Qc6
15. f3 Nh5 16. Be3 Nb6 17. c4 bxc4 18. Nxc4 Nxc4 19. Bxc4 Bxc4 20. Rxc4 Qb5 21.
Qc2 O-O 22. Rc7 Rfe8 23. Rd1 a5 24. Rd3 a4 25. Rdc3 Qf1+ 26. Bc1 Nf4 27. g3 Nd5
28. f4 Nxc3+ 29. Rxc3 Qa6 30. Rc6 Qb5 31. a3 d5 32. Ng5 g6 33. Ka1 Rab8 34. Bd2
Qb3 35. Qxb3 Rxb3 36. Bc3 h6 37. Nf3 Ra8 38. Nd2 Rb7 39. Nf3 Bd8 40. Ne5 Ba5
41. Nd3 Bxc3 42. Rxc3 Rab8 43. Nb4 Kg7 44. Kb1 Kf6 45. Kc2 g5 46. Kd3 gxf4 47.
gxf4 Rg8 48. Rc2 Rg1 49. Ke3 Re1+ 50. Kf3 Re4 51. Rd2 Rc7 52. Rc2 Rb7 53. Rc6
Kf5 54. Ra6 Rxd4 55. Rxa4 Rxf4+ 56. Kg3 f6 57. Ra6 Rg7+ 58. Kh3 0-1

[Event "Cto. FACV Ind. Preferente Xixona 2014"]
[Site "Xixona ESP"]
[Date "2014.11.15"]
[Round "6.2"]
[White "Miquel Juan, Marcelo"]
[Black "Ochando Casasempere, Miguel A"]
[Result "1-0"]
[WhiteElo "1842"]
[BlackElo "1688"]
[PlyCount "47"]
[EventDate "2014.09.27"]
[EventType "swiss"]
[EventRounds "7"]
[EventCountry "ESP"]

1. e4 d6 2. d4 Nf6 3. Nc3 g6 4. f4 Bg7 5. Nf3 O-O 6. Bd3 Bg4 7. h3 Bxf3 8. Qxf3
Nc6 9. Be3 e5 10. dxe5 dxe5 11. f5 Nd4 12. Qf2 Nd7 13. O-O c6 14. Nd1 Bf6 15.
Bh6 Bg7 16. Bd2 Bf6 17. Ne3 Nc5 18. Ng4 Nxd3 19. cxd3 Kh8 20. fxg6 Bh4 21. g7+
Kxg7 22. Qe3 Qd6 23. Rf6 Qc5 24. Kh1 1-0

[Event "Cto. FACV Ind. Preferente Xixona 2014"]
[Site "Xixona ESP"]
[Date "2014.11.15"]
[Round "6.3"]
[White "Aledo Yanguas, Javier"]
[Black "Carmona Huertas, Juan Antonio"]
[Result "1-0"]
[WhiteElo "1761"]
[BlackElo "1589"]
[PlyCount "61"]
[EventDate "2014.09.27"]
[EventType "swiss"]
[EventRounds "7"]
[EventCountry "ESP"]

1. e4 c5 2. c3 d5 3. exd5 Qxd5 4. d4 e6 5. Nf3 Nf6 6. Be2 Be7 7. Na3 a6 8. Nc4
Qd8 9. Bf4 O-O 10. Nfe5 b5 11. Ne3 Bb7 12. O-O cxd4 13. cxd4 Nc6 14. Bf3 Na5
15. Bxb7 Nxb7 16. Nc6 Qd7 17. Qf3 Rac8 18. Ne5 Qxd4 19. Rfd1 Qa7 20. Nc6 Rxc6
21. Qxc6 Bc5 22. Qf3 Bd4 23. Rab1 e5 24. Bg5 Nd7 25. Nd5 f6 26. Ne7+ Kh8 27.
Qh3 fxg5 28. Rd3 Bxf2+ 29. Kh1 Nf6 30. Ng6+ Kg8 31. Qe6+ 1-0

[Event "Cto. FACV Ind. Preferente Xixona 2014"]
[Site "Xixona ESP"]
[Date "2014.11.15"]
[Round "6.4"]
[White "Navarro Rico, Lluis"]
[Black "Garcia Gimenez, Santiago"]
[Result "1-0"]
[WhiteElo "1521"]
[BlackElo "1657"]
[PlyCount "45"]
[EventDate "2014.09.27"]
[EventType "swiss"]
[EventRounds "7"]
[EventCountry "ESP"]

1. Nf3 d5 2. c4 e6 3. g3 c5 4. Bg2 Nf6 5. O-O Nc6 6. b3 Be7 7. cxd5 Nxd5 8. Bb2
Bf6 9. Nc3 O-O 10. a3 a6 11. Qc2 b6 12. Nxd5 exd5 13. d4 Nxd4 14. Nxd4 cxd4 15.
Rfd1 d3 16. Rxd3 Be6 17. Rad1 Rc8 18. Qd2 a5 19. Bxd5 Bxd5 20. Rxd5 Qxd5 21.
Qxd5 Bxb2 22. Qd7 Rfe8 23. Kf1 1-0

[Event "Cto. FACV Ind. Preferente Xixona 2014"]
[Site "Xixona ESP"]
[Date "2014.11.15"]
[Round "6.5"]
[White "Navarro Lopez-Menchero, Alvaro"]
[Black "Lario Cortes, Jose Maria"]
[Result "0-1"]
[WhiteElo "1574"]
[BlackElo "1491"]
[PlyCount "57"]
[EventDate "2014.09.27"]
[EventType "swiss"]
[EventRounds "7"]
[EventCountry "ESP"]

1. d4 c5 2. Nf3 d5 3. dxc5 Nf6 4. a3 Nc6 5. e3 e5 6. Bb5 Qc7 7. b4 a5 8. c3 Bg4
9. Qc2 Bxf3 10. gxf3 Be7 11. Nd2 O-O 12. Bxc6 Qxc6 13. Bb2 b6 14. cxb6 axb4 15.
b7 Qxb7 16. cxb4 Rfc8 17. Qd3 Bxb4 18. Bxe5 Qe7 19. Bxf6 Qxf6 20. O-O Bxd2 21.
Qxd2 Qxf3 22. Qd1 Qe4 23. Qh5 Ra6 24. Rfd1 Rg6+ 25. Kf1 Qc4+ 26. Qe2 Rg1+ 27.
Kxg1 Qxe2 28. Rxd5 Qg4+ 29. Kf1 0-1

[Event "Cto. FACV Ind. Preferente Xixona 2014"]
[Site "Xixona ESP"]
[Date "2014.11.22"]
[Round "7.1"]
[White "Cano Romero, Jose Miguel"]
[Black "Miquel Juan, Marcelo"]
[Result "1/2-1/2"]
[WhiteElo "1859"]
[BlackElo "1842"]
[PlyCount "38"]
[EventDate "2014.09.27"]
[EventType "swiss"]
[EventRounds "7"]
[EventCountry "ESP"]

1. c4 Nf6 2. Nc3 d5 3. cxd5 Nxd5 4. d4 g6 5. e4 Nxc3 6. bxc3 Bg7 7. Nf3 c5 8.
Be3 O-O 9. Rc1 cxd4 10. cxd4 Qa5+ 11. Qd2 Qxd2+ 12. Nxd2 Nc6 13. d5 Ne5 14. Be2
Bg4 15. f3 Rfc8 16. O-O Bd7 17. Nb3 Rxc1 18. Rxc1 Rc8 19. Rxc8+ Bxc8 1/2-1/2

[Event "Cto. FACV Ind. Preferente Xixona 2014"]
[Site "Xixona ESP"]
[Date "2014.11.22"]
[Round "7.2"]
[White "Navarro Rico, Lluis"]
[Black "Aledo Yanguas, Javier"]
[Result "1/2-1/2"]
[WhiteElo "1521"]
[BlackElo "1761"]
[PlyCount "44"]
[EventDate "2014.09.27"]
[EventType "swiss"]
[EventRounds "7"]
[EventCountry "ESP"]

1. c4 c6 2. g3 d5 3. Bg2 Nf6 4. Nf3 Bf5 5. cxd5 cxd5 6. Nc3 e6 7. O-O Nc6 8. d3
Bd6 9. Nb5 O-O 10. Nxd6 Qxd6 11. Bd2 Nd7 12. Nh4 Bg6 13. Nxg6 hxg6 14. Rc1 Rac8
15. e3 Nce5 16. d4 Rxc1 17. Qxc1 Nc4 18. b3 Nxd2 19. Qxd2 Rc8 20. Rc1 Rc6 21.
Rxc6 Qxc6 22. Bf1 a6 1/2-1/2

[Event "Cto. FACV Ind. Preferente Xixona 2014"]
[Site "Xixona ESP"]
[Date "2014.11.22"]
[Round "7.3"]
[White "Lario Cortes, Jose Maria"]
[Black "Cruz Garcia, Guillermo"]
[Result "1-0"]
[WhiteElo "1491"]
[BlackElo "1650"]
[PlyCount "69"]
[EventDate "2014.09.27"]
[EventType "swiss"]
[EventRounds "7"]
[EventCountry "ESP"]

1. d4 Nf6 2. c4 g6 3. Nc3 Bg7 4. e4 d6 5. Nf3 O-O 6. h3 Nbd7 7. Be3 a6 8. Be2
c5 9. d5 Ne8 10. O-O f5 11. exf5 Rxf5 12. Bd3 Rh5 13. Ng5 Ne5 14. Be2 Rh4 15.
g3 Rxh3 16. Nxh3 Bxh3 17. Re1 Nf6 18. Bf4 Nfg4 19. Bf1 Nxf2 20. Kxf2 Ng4+ 21.
Ke2 Bxf1+ 22. Kxf1 Qd7 23. Qe2 Qf5 24. Qe6+ Qxe6 25. Rxe6 Bf6 26. Ne4 Rf8 27.
Nxf6+ Nxf6 28. Kg2 Rf7 29. Bg5 Ng4 30. Rf1 Rxf1 31. Kxf1 Ne5 32. b3 b5 33. cxb5
axb5 34. Bxe7 Kf7 35. Bxd6 1-0

[Event "Cto. FACV Ind. Preferente Xixona 2014"]
[Site "Xixona ESP"]
[Date "2014.11.22"]
[Round "7.4"]
[White "Carmona Huertas, Juan Antonio"]
[Black "Campos Gutierrez, Luis Maria"]
[Result "0-1"]
[WhiteElo "1589"]
[BlackElo "1844"]
[PlyCount "64"]
[EventDate "2014.09.27"]
[EventType "swiss"]
[EventRounds "7"]
[EventCountry "ESP"]

1. d4 d5 2. Nf3 c5 3. c3 Nc6 4. Bf4 Qb6 5. Qd2 Nf6 6. e3 Bf5 7. dxc5 Qxc5 8.
Bd3 Ne4 9. Qd1 f6 10. Bxe4 Bxe4 11. Nbd2 e5 12. Bg3 Bg6 13. O-O Rd8 14. Nb3 Qb6
15. Nh4 Bf7 16. Re1 h5 17. h3 g5 18. Nf3 h4 19. Bh2 Bh5 20. Qc2 Be7 21. a4 a5
22. Nbd2 Kf7 23. c4 Bg6 24. e4 Nb4 25. Qb3 Bc5 26. Re2 dxe4 27. Nxe4 Bxe4 28.
Rxe4 Rd3 29. Bxe5 Rxb3 30. Nxg5+ fxg5 31. Bxh8 Bxf2+ 32. Kh1 Qc6 0-1

[Event "Cto. FACV Ind. Preferente Xixona 2014"]
[Site "Xixona ESP"]
[Date "2014.11.22"]
[Round "7.5"]
[White "Gomez Maestro, Gustavo"]
[Black "Navarro Amoros, Antonio Jose"]
[Result "1-0"]
[WhiteElo "1647"]
[BlackElo "1724"]
[PlyCount "131"]
[EventDate "2014.09.27"]
[EventType "swiss"]
[EventRounds "7"]
[EventCountry "ESP"]

1. e4 e6 2. d4 d5 3. e5 c5 4. c3 Nc6 5. Nf3 Qb6 6. Bd3 f6 7. O-O Bd7 8. Re1
fxe5 9. Nxe5 Nxe5 10. dxe5 O-O-O 11. b4 cxb4 12. Be3 Bc5 13. Bxc5 Qxc5 14. cxb4
Qxb4 15. Nd2 Ne7 16. Rb1 Qa4 17. Qc1+ Kb8 18. Qb2 b6 19. Bc2 Qa6 20. Re3 Rc8
21. Ra3 Qb7 22. Bd3 Rc7 23. Ba6 Qc6 24. Rb3 Bc8 25. Bd3 Bb7 26. Nf3 Qd7 27. Nd4
Rhc8 28. Nb5 Rc5 29. a4 Qc6 30. a5 Rc1+ 31. Bf1 Rxb1 32. Qxb1 bxa5 33. Nd6 Rc7
34. h3 g6 35. Ba6 Qc1+ 36. Qxc1 Rxc1+ 37. Bf1 Nf5 38. Nxb7 Kc7 39. Nxa5 Nd4 40.
Rb2 Ra1 41. Nb3 Nxb3 42. Rxb3 a5 43. g3 a4 44. Rb4 a3 45. Kg2 Kc6 46. Bd3 Kc5
47. Ra4 d4 48. Kf3 a2 49. Bc4 d3 50. Rxa2 Rxa2 51. Bxa2 Kd4 52. Bxe6 Kxe5 53.
Bb3 h5 54. Ke3 g5 55. Kxd3 h4 56. Ke3 hxg3 57. fxg3 Kf5 58. Bc2+ Kf6 59. Ke4
Kg6 60. g4 Kf6 61. Bd3 Ke6 62. Bc4+ Kf6 63. Bd5 Kg6 64. Ke5 Kg7 65. Kf5 Kh6 66.
Kf6 1-0

[Event "Cto. FACV Ind. Primera Alzira 2014"]
[Site "Alzira ESP"]
[Date "2014.09.27"]
[Round "1.1"]
[White "Llorens Ferrer, Francisco"]
[Black "Ull Molina, Daniel"]
[Result "1-0"]
[WhiteElo "1954"]
[BlackElo "1625"]
[PlyCount "75"]
[EventDate "2014.09.27"]
[EventType "swiss"]
[EventRounds "7"]
[EventCountry "ESP"]
[Source "lmi"]
[SourceDate "2014.09.27"]

1. e4 e5 2. Nf3 Nc6 3. Bc4 d6 4. c3 Bg4 5. d3 Nf6 6. Nbd2 Be7 7. Qb3 O-O 8.
Qxb7 Na5 9. Qb5 c6 10. Qa4 d5 11. Bb3 Nd7 12. exd5 Bxf3 13. Nxf3 Nc5 14. Qg4
Nxd3+ 15. Ke2 Nxb3 16. axb3 Nxc1+ 17. Rhxc1 Qxd5 18. Qc4 Qb5 19. Qxb5 cxb5 20.
Ra5 Rfb8 21. Rca1 Bc5 22. b4 Bd6 23. Rxa7 Rxa7 24. Rxa7 g6 25. Ng5 Rf8 26. Rd7
Bb8 27. Rb7 Bd6 28. Ne4 Rd8 29. Rxb5 Bf8 30. Rxe5 Bg7 31. Ra5 Re8 32. Kd3 Rd8+
33. Kc4 Re8 34. f3 f5 35. Ng3 Rd8 36. Rd5 Rc8+ 37. Kd3 Bf6 38. b5 1-0

[Event "Cto. FACV Ind. Primera Alzira 2014"]
[Site "Alzira ESP"]
[Date "2014.09.27"]
[Round "1.2"]
[White "Diaz Tormo, Josep"]
[Black "Albuixec Sanz, Jorge"]
[Result "1/2-1/2"]
[WhiteElo "1590"]
[BlackElo "1858"]
[PlyCount "78"]
[EventDate "2014.09.27"]
[EventType "swiss"]
[EventRounds "7"]
[EventCountry "ESP"]
[Source "lmi"]
[SourceDate "2014.09.27"]

1. d4 Nf6 2. Nc3 d5 3. Bg5 Bf5 4. Bxf6 exf6 5. e3 c6 6. Bd3 Qd7 7. Nge2 Bd6 8.
O-O O-O 9. a3 Re8 10. b4 Bg6 11. Bxg6 fxg6 12. Qd3 Qe6 13. Ng3 Nd7 14. Rae1 f5
15. Nce2 Nf6 16. Nf4 Qf7 17. f3 Re7 18. Re2 Rae8 19. Rfe1 Bxf4 20. exf4 Nd7 21.
c3 Nb6 22. h4 Qf6 23. h5 Nc4 24. Rxe7 Rxe7 25. Rxe7 Qxe7 26. Kf2 Nxa3 27. hxg6
hxg6 28. Nf1 Nc4 29. g3 Kf7 30. Nd2 Nxd2 31. Qxd2 b6 32. Qa2 Kf6 33. Qa4 Qd7
34. Qd1 Qe7 35. Qa4 b5 36. Qa6 Qc7 37. Qa1 Qe7 38. Qa6 Qc7 39. Qa1 Qe7 1/2-1/2

[Event "Cto. FACV Ind. Primera Alzira 2014"]
[Site "Alzira ESP"]
[Date "2014.09.27"]
[Round "1.3"]
[White "Perez Mas, Jose Manuel"]
[Black "Rubio Tent, Pedro"]
[Result "1-0"]
[WhiteElo "1825"]
[BlackElo "1575"]
[PlyCount "47"]
[EventDate "2014.09.27"]
[EventType "swiss"]
[EventRounds "7"]
[EventCountry "ESP"]
[Source "lmi"]
[SourceDate "2014.09.27"]

1. e4 c5 2. Nf3 Nc6 3. d4 cxd4 4. Nxd4 Nf6 5. Nc3 e5 6. Ndb5 d6 7. Bg5 a6 8.
Bxf6 gxf6 9. Na3 b5 10. Nd5 Be6 11. c3 Bh6 12. Nc2 Rg8 13. Nce3 Rb8 14. Qf3 Rg6
15. Bd3 b4 16. O-O bxc3 17. bxc3 a5 18. Rab1 Rxb1 19. Rxb1 Ne7 20. Nxf6+ Kf8
21. Nfd5 Nxd5 22. exd5 Rf6 23. Qe4 Rg6 24. dxe6 1-0

[Event "Cto. FACV Ind. Primera Alzira 2014"]
[Site "Alzira ESP"]
[Date "2014.09.27"]
[Round "1.4"]
[White "Domenech Sanz, Vicente"]
[Black "Fernandez Sanchez, Vicente"]
[Result "1-0"]
[WhiteElo "1514"]
[BlackElo "1815"]
[PlyCount "123"]
[EventDate "2014.09.27"]
[EventType "swiss"]
[EventRounds "7"]
[EventCountry "ESP"]
[Source "lmi"]
[SourceDate "2014.09.27"]

1. e4 c5 2. Bc4 Nc6 3. a3 g6 4. Nf3 Bg7 5. Nc3 Nf6 6. d3 d6 7. Bg5 a6 8. h3 Qa5
9. Qd2 Nd4 10. Nxd4 cxd4 11. Nd5 Qxd2+ 12. Kxd2 Nxd5 13. Bxd5 Rb8 14. b4 Bd7
15. a4 Bc6 16. Bc4 h6 17. Bh4 g5 18. Bg3 Be5 19. Bxe5 dxe5 20. b5 axb5 21. axb5
Bd7 22. Ra7 e6 23. Rha1 Ke7 24. b6 Kd6 25. R1a5 Rhc8 26. Ra1 Be8 27. Rb1 Bc6
28. f3 Ra8 29. Bb5 Rxa7 30. bxa7 Ra8 31. Bxc6 Kxc6 32. Ra1 b6 33. Kc1 Kb7 34.
Kb2 Rxa7 35. Rxa7+ Kxa7 36. Kb3 Kb7 37. Kb4 Kc6 38. Kc4 h5 39. g3 f5 40. g4
hxg4 41. hxg4 f4 42. Kb4 Kb7 43. Kb5 Kc7 44. Kb4 Kc6 45. Kc4 b5+ 46. Kb4 Kb6
47. Kb3 Ka5 48. Ka3 b4+ 49. Kb3 Kb5 50. Kb2 Ka4 51. Ka2 Kb5 52. Kb3 Ka5 53. Kb2
b3 54. Kxb3 Kb5 55. Ka3 Kb6 56. Kb4 Ka6 57. Kc5 Ka5 58. Kd6 Kb4 59. Kxe6 Kc3
60. Kxe5 Kd2 61. Kxd4 Ke2 62. e5 1-0

[Event "Cto. FACV Ind. Primera Alzira 2014"]
[Site "Alzira ESP"]
[Date "2014.09.27"]
[Round "1.5"]
[White "Castillo Torrent, David"]
[Black "Lluch Ventura, Enrique"]
[Result "1/2-1/2"]
[WhiteElo "1692"]
[BlackElo "1446"]
[PlyCount "55"]
[EventDate "2014.09.27"]
[EventType "swiss"]
[EventRounds "7"]
[EventCountry "ESP"]
[Source "lmi"]
[SourceDate "2014.09.27"]

1. d4 d5 2. c4 dxc4 3. Nf3 Nf6 4. e3 Bf5 5. Bxc4 e6 6. O-O Bd6 7. Qb3 b6 8. Nc3
O-O 9. h3 Nbd7 10. Nh4 Qe7 11. Nxf5 exf5 12. Nb5 c6 13. Nxd6 Qxd6 14. Bd2 Ne4
15. Bc3 Nxc3 16. bxc3 Nf6 17. Bd3 g6 18. a4 Rab8 19. Rfe1 Rfe8 20. Ra2 Qd5 21.
Bc4 Qd7 22. Rae2 Ne4 23. Bd3 Kf8 24. Bxe4 fxe4 25. Rf1 Qe6 26. Qb2 Qc4 27. Qc2
Kg7 28. Rb1 1/2-1/2

[Event "Cto. FACV Ind. Primera Alzira 2014"]
[Site "Alzira ESP"]
[Date "2014.10.04"]
[Round "2.1"]
[White "Pascual I Rubio, Josep"]
[Black "Llorens Ferrer, Francisco"]
[Result "0-1"]
[WhiteElo "1410"]
[BlackElo "1954"]
[PlyCount "88"]
[EventDate "2014.09.27"]
[EventType "swiss"]
[EventRounds "7"]
[EventCountry "ESP"]
[Source "lmi"]
[SourceDate "2014.09.27"]

1. Nf3 f5 2. g3 Nf6 3. Bg2 d6 4. O-O e5 5. d3 Be7 6. c4 O-O 7. Nbd2 c6 8. b3
Qe8 9. Bb2 c5 10. e4 Nc6 11. a3 fxe4 12. Nxe4 Nxe4 13. dxe4 Be6 14. Ne1 Qg6 15.
Nc2 Nd4 16. Bxd4 cxd4 17. Nb4 a5 18. Nd5 Bxd5 19. cxd5 Rfc8 20. Rc1 Bg5 21. Rc4
b5 22. Rc6 Rxc6 23. dxc6 Qe8 24. f4 Bf6 25. Qc2 Rc8 26. Rc1 exf4 27. gxf4 g5
28. Bh3 Rc7 29. Bd7 Qh5 30. f5 Qf3 31. Rd1 d5 32. Be6+ Kg7 33. exd5 Be5 34. Qd3
Qg4+ 35. Kh1 Qh4 36. Qe2 Kf6 37. Rd2 g4 38. Rc2 g3 39. Qxb5 Qe4+ 40. Rg2 Qe1+
41. Rg1 g2+ 42. Kxg2 Rg7+ 43. Kh3 Qe3+ 44. Rg3 Rxg3+ 0-1